Ewige Tabelle Liga Portugal - Statistiken

Allgemein
  • Dieses Quiz wurde 48 mal gespielt
  • Das Durchschnittsergebnis liegt bei 10 aus 53
Antwortstatistiken
Platz Team Punkte % Korrekt
1. FC Porto 2.836
100%
3. Sporting Lissabon 2.517
98%
2. Benfica Lissabon 2.672
93%
4. SC Braga 1.870
53%
7. Boavista FC 1.403
33%
24. CD Santa Clara 346
30%
5. Vitória Guimaraes SC 1.668
30%
11. Vitória Setúbal FC 909
28%
23. FC Famalicao 413
26%
26. Portimonense SC 274
26%
13. CD Nacional 752
23%
25. FC Arouca 315
23%
10. Rio Ave FC 916
23%
27. CD Tondela 235
21%
8. CF Belenenses 1.018
21%
20. Estoril Praia 532
21%
17. Académice Coimbra 559
19%
38. Casa Pia AC 120
19%
6. CS Marítimo 1.440
19%
40. FC Vizela 99
19%
12. Gil Vicente FC 900
19%
14. Uniao Leiria 656
19%
29. FC Alverca 181
16%
18. Moreirense FC 548
16%
15. SC Farense 585
16%
47. AVS Futebol 30
14%
16. CF Estrela Amadora 583
14%
36. Desportivo Aves 132
14%
41. Leixoes SC 98
14%
37. CD Feirense 123
12%
31. CF Uniao Madeira 177
12%
46. FC Felgueiras 1932 33
12%
9. FC Pacos de Ferreira 930
12%
33. FC Penafiel 157
12%
22. GD Chaves 470
12%
48. CD Trofense 23
9%
45. SC Uniao Torreense 35
9%
42. Varzim SC 97
9%
49. Académico FC 15
7%
35. B SAD 144
7%
34. SC Olhanense 151
5%
21. SC Salgueiros 489
5%
51. Uniao Foot-Ball Lissabon 11
5%
28. Associacao Naval 1893 193
2%
19. SC Beira-Mar 539
2%
43. SC Espinho 70
2%
44. Carcavelinhos FC 36
0%
50. FC Barreirense 13
0%
32. FC Tirsense 160
0%
53. GD Fabril Barreiro 0
0%
39. Leca FC 108
0%
30. SC Campomaiorense 178
0%
52. Uniao FCI de Tomar 0
0%
Keine übereinstimmenden Quizze gefunden
Verteilung der Resultate
Anzahl Personen mit jedem Resultat
Perzentil nach korrekt beantworteten Fragen
Ihre Resultats-Entwicklung
Sie haben dieses Quiz noch nicht gespielt